Translating cultures : (Record no. 21950)

MARC details
000 -LEADER
fixed length control field 00948cam a22002775a 4500
001 - CONTROL NUMBER
control field 13316921
005 - DATE AND TIME OF LATEST TRANSACTION
control field 20160831155650.0
008 - FIXED-LENGTH DATA ELEMENTS--GENERAL INFORMATION
fixed length control field 030819s2004 enka frb 001 0 eng d
020 ## - INTERNATIONAL STANDARD BOOK NUMBER
International Standard Book Number 9781900650731
040 ## - CATALOGING SOURCE
Original cataloging agency DLC
Language of cataloging eng
Transcribing agency DLC
Modifying agency EG-ScBUE
082 04 - DEWEY DECIMAL CLASSIFICATION NUMBER
Edition number 22
Classification number 306.0244
Item number KAT
100 1# - MAIN ENTRY--PERSONAL NAME
Personal name Katan, David.
9 (RLIN) 40315
245 10 - TITLE STATEMENT
Title Translating cultures :
Remainder of title an introduction for translators, interpreters, and mediators /
Statement of responsibility, etc David Katan.
250 ## - EDITION STATEMENT
Edition statement 2nd ed.
260 ## - PUBLICATION, DISTRIBUTION, ETC. (IMPRINT)
Place of publication, distribution, etc Oxon ;
-- New York :
Name of publisher, distributor, etc Routledge / Taylor & Francis Group,
Date of publication, distribution, etc 2004.
300 ## - PHYSICAL DESCRIPTION
Extent vii, 380 p. :
Other physical details ill. ;
Dimensions 25 cm.
500 ## - GENERAL NOTE
General note Index : p. 359-380.
504 ## - BIBLIOGRAPHY, ETC. NOTE
Bibliography, etc Bibliography : p. [341]-358.
650 #7 - SUBJECT ADDED ENTRY--TOPICAL TERM
Topical term or geographic name as entry element Intercultural communication.
Source of heading or term BUEsh
9 (RLIN) 12028
650 #7 - SUBJECT ADDED ENTRY--TOPICAL TERM
Topical term or geographic name as entry element Translating and interpreting.
Source of heading or term BUEsh
9 (RLIN) 39247
650 #7 - SUBJECT ADDED ENTRY--TOPICAL TERM
Topical term or geographic name as entry element Language and culture.
Source of heading or term BUEsh
9 (RLIN) 41003
651 ## - SUBJECT ADDED ENTRY--GEOGRAPHIC NAME
Source of heading or term BUEsh
653 ## - INDEX TERM--UNCONTROLLED
Resource For college
Arrived date list June2016
653 ## - INDEX TERM--UNCONTROLLED
Resource For college Humanities: English
Arrived date list August 2016
942 ## - ADDED ENTRY ELEMENTS (KOHA)
Source of classification or shelving scheme Dewey Decimal Classification
Edition 22
Call number prefix 306.0244 KAT
Holdings
Withdrawn status Item status Source of classification or shelving scheme Damaged status Not for loan Vendor Home library Current library Shelving location Date acquired Source of acquisition Cost, normal purchase price Serial Enumeration / chronology Total Checkouts Full call number Barcode Date last seen Date last borrowed Cost, replacement price Koha item type Total Renewals
    Dewey Decimal Classification     Baccah Central Library Central Library First floor 23/06/2016 Purchase 544.00 25868 1 306.0244 KAT 000032845 15/07/2025 09/05/2021 680.00 Book - Borrowing  
    Dewey Decimal Classification     Baccah Central Library Central Library First floor 31/08/2016 Purchase 380.00 26103 1 306.0244 KAT 000033514 15/07/2025 02/04/2018 476.00 Book - Borrowing 9